| 000 | 01044nas a2200325 4500 | ||
|---|---|---|---|
| 001 | BR2016000231 | ||
| 003 | BR-BrBNA | ||
| 005 | 20231205130058.0 | ||
| 007 | ta | ||
| 008 | 230509b bl.|||p| |||| 00| 00por d | ||
| 040 |
_aBR-BrBNA _bpor _cBiblioteca Nacional de Agricultura |
||
| 041 | _a(Pt) | ||
| 072 | _aL01 | ||
| 100 | 1 | _aNunes, A.P. | |
| 100 | 1 | _aOsório, J.C. | |
| 100 | 1 | _aCardellino, R.A. | |
| 100 | 1 | _aOjeda, M.B. | |
| 100 | 1 | _aGuerreiro, J.L. | |
| 245 | 1 | _aFatores ambientais que afetam o desempenho de cordeiros ile de france, do desmame aos 60 dias pós-desmame | |
| 650 | _aCORDEIRO | ||
| 650 | _aDESMAMA | ||
| 650 | _aCONDICAO AMBIENTAL | ||
| 650 | _aCRESCIMENTO | ||
| 650 | _aANALISE COMPARATIVA | ||
| 650 | _aPERFORMANCE | ||
| 773 | 0 |
_tCurrent Agricultural Science and Technology (Brazil) _xISSN 2317-2436 _g(1996), v. 2(2) p. 93-98 _wBR2016000231 |
|
| 856 | 4 | 0 | _uhttps://periodicos.ufpel.edu.br/ojs2/index.php/CAST/article/view/159/154 |
| 909 |
_a202311 _bLúcia _c55 _dLúcia Elande |
||
| 942 |
_2AGRIS _n0 _cANA |
||
| 999 |
_c247789 _d247789 |
||